Pohľad na aktuálne podmienky

Zavádzanie environmentálnych systémov riadenia. Systém environmentálneho manažérstva (EMS) ako najprogresívnejší nástroj riadenia podniku. Zásady budovania EMS. Stanovenie cieľov a programu EMS. Realizácia a vyhotovenie EMS.

Salvato in:
Dettagli Bibliografici
Autore principale: Glos, František
Natura: Capitolo di libro
Lingua:slovacco
Soggetti:
Tags: Aggiungi Tag
Nessun Tag, puoi essere il primo ad aggiungerne!!

MARC

LEADER 00000naa a2200000 4500
001 r036596
005 20230824102313.1
041 0 |a slo 
044 |a SK 
245 1 0 |a Pohľad na aktuálne podmienky  |c František Glos 
520 |a Zavádzanie environmentálnych systémov riadenia. Systém environmentálneho manažérstva (EMS) ako najprogresívnejší nástroj riadenia podniku. Zásady budovania EMS. Stanovenie cieľov a programu EMS. Realizácia a vyhotovenie EMS. 
610 2 0 |a riadenie podnikové 
610 2 0 |a environmentalistika 
610 2 0 |a prostredie životné 
610 2 0 |a náklady ekologické 
610 2 0 |a motivácia 
610 2 0 |a ochrana prostredia životného 
610 2 0 |a programy rozvojové 
610 2 0 |a výroba čistá 
100 1 |a Glos, František